Empleos y salarios pagados por 16049 empresas en el mes de noviembre de 1971
Sparad:
| Institutionell upphovsman: | |
|---|---|
| Materialtyp: | Text |
| Publicerad: |
San José:
MTSS
|
| Ämnen: | |
| Taggar: |
Lägg till en tagg
Inga taggar, Lägg till första taggen!
|
MARC
| LEADER | 00000 a a2200000 04500 | ||
|---|---|---|---|
| 001 | 17947 | ||
| 003 | |||
| 040 | |||
| 090 | |a 006100 | ||
| 110 | |a Costa Rica. Ministerio de Trabajo y Seguridad Social | ||
| 245 | |a Empleos y salarios pagados por 16049 empresas en el mes de noviembre de 1971 | ||
| 260 | |a San José: |b MTSS | ||
| 300 | |a 105 p. | ||
| 650 | |a EMPLEO | ||
| 650 | |a SALARIOS | ||
| 999 | |c 10346 |d 10346 | ||
